[Event "39 Open Vila de Sitges 2013"]
[Site "Sitges ESP"]
[Date "2013.07.31"]
[Round "9.1"]
[White "Barsov, Alexei"]
[Black "Grigoryan, Karen H"]
[Result "1/2-1/2"]
[WhiteElo "2530"]
[BlackElo "2550"]
[PlyCount "31"]
[EventDate "2013.07.22"]
[EventType "swiss"]
[EventRounds "9"]
[EventCountry "ESP"]
[SourceTitle "Ajedrez en Madrid"]
[Source "lmi"]
[SourceDate "2013.07.22"]

1. d4 d5 2. c4 c6 3. cxd5 cxd5 4. Nc3 Nf6 5. Nf3 Nc6 6. Bf4 Bf5 7. e3 e5 8.
Nxe5 Bd6 9. Bd3 Bxd3 10. Nxd3 Bxf4 11. Nxf4 O-O 12. O-O Qd6 13. Qd2 Rfc8 14.
Rfc1 Ne7 15. h3 h6 16. Nd3 1/2-1/2

[Event "39 Open Vila de Sitges 2013"]
[Site "Sitges ESP"]
[Date "2013.07.31"]
[Round "9.2"]
[White "Ynojosa, Felix Jose"]
[Black "Pulvett, Daniel"]
[Result "1/2-1/2"]
[WhiteElo "2405"]
[BlackElo "2405"]
[PlyCount "36"]
[EventDate "2013.07.22"]
[EventType "swiss"]
[EventRounds "9"]
[EventCountry "ESP"]
[SourceTitle "Ajedrez en Madrid"]
[Source "lmi"]
[SourceDate "2013.07.22"]

1. e4 c5 2. c3 d5 3. exd5 Qxd5 4. d4 Nf6 5. Nf3 e6 6. Be3 cxd4 7. cxd4 Nc6 8.
Nc3 Qd6 9. a3 Be7 10. Bd3 O-O 11. O-O b6 12. b4 Bb7 13. Qb3 Rad8 14. Rfc1 Qb8
15. h3 Qa8 16. Bf1 Bd6 17. d5 Ne5 18. Nxe5 Bxe5 1/2-1/2

[Event "39 Open Vila de Sitges 2013"]
[Site "Sitges ESP"]
[Date "2013.07.31"]
[Round "9.3"]
[White "Movsziszian, Karen"]
[Black "Kovchan, Alexander"]
[Result "1-0"]
[WhiteElo "2499"]
[BlackElo "2577"]
[PlyCount "83"]
[EventDate "2013.07.22"]
[EventType "swiss"]
[EventRounds "9"]
[EventCountry "ESP"]
[SourceTitle "Ajedrez en Madrid"]
[Source "lmi"]
[SourceDate "2013.07.22"]

1. g3 g6 2. Bg2 Bg7 3. d3 c5 4. f4 Nc6 5. Nf3 d6 6. O-O e5 7. fxe5 dxe5 8. Be3
Nd4 9. c3 Ne6 10. Nbd2 Ne7 11. Ne4 Nf5 12. Bf2 Qc7 13. Qa4+ Bd7 14. Qa3 b6 15.
b4 Rc8 16. bxc5 bxc5 17. Nfd2 O-O 18. Rab1 Bc6 19. Nc4 Rfd8 20. Na5 Bxe4 21.
Bxe4 Nd6 22. Bd5 Nb5 23. Rxb5 Rxd5 24. Rb7 Qd8 25. Rxa7 Rd7 26. Rxd7 Qxd7 27.
Nc4 Ng5 28. Be3 Nh3+ 29. Kg2 Qg4 30. Qb2 Rd8 31. Bxc5 Nf4+ 32. Kf2 Ne6 33. Be3
e4 34. d4 f5 35. Ke1 Qh5 36. Qb6 f4 37. Rxf4 Rc8 38. Rh4 Qf5 39. Nd6 Qf8 40.
Nxc8 Qxc8 41. Rxe4 Qxc3+ 42. Kf2 1-0

[Event "39 Open Vila de Sitges 2013"]
[Site "Sitges ESP"]
[Date "2013.07.31"]
[Round "9.4"]
[White "Uribe Arteaga, Daniel"]
[Black "Vocaturo, Daniele"]
[Result "0-1"]
[WhiteElo "2274"]
[BlackElo "2536"]
[PlyCount "104"]
[EventDate "2013.07.22"]
[EventType "swiss"]
[EventRounds "9"]
[EventCountry "ESP"]
[SourceTitle "Ajedrez en Madrid"]
[Source "lmi"]
[SourceDate "2013.07.22"]

1. d4 Nf6 2. c4 g6 3. Nc3 Bg7 4. e4 d6 5. f3 O-O 6. Be3 Nbd7 7. Nge2 a6 8. Qd2
c5 9. dxc5 dxc5 10. O-O-O Qa5 11. Kb1 b5 12. Nd5 Nxd5 13. Qxa5 Nxe3 14. Rc1
Nxc4 15. Rxc4 bxc4 16. Nc3 Ne5 17. f4 Nd3 18. Bxd3 cxd3 19. Qxc5 Be6 20. Nd5
Bxd5 21. Qxd5 Rfd8 22. Qa5 Rd4 23. g3 e5 24. fxe5 d2 25. Rd1 Rc8 26. Qxa6 Rdc4
27. a4 Rc1+ 28. Ka2 Bh6 29. e6 R8c7 30. e7 Rxe7 31. Rxd2 Bxd2 32. Qd6 Bg5 33.
h4 Rxe4 34. Qb8+ Kg7 35. hxg5 Rxa4+ 36. Kb3 Re4 37. Qd8 Rce1 38. Qf6+ Kg8 39.
Ka3 Re6 40. Qd8+ Re8 41. Qd6 R1e6 42. Qf4 Ra6+ 43. Kb3 Rb6+ 44. Kc2 Reb8 45.
Qe5 Rxb2+ 46. Qxb2 Rxb2+ 47. Kxb2 h6 48. gxh6 Kh7 49. Kc3 Kxh6 50. Kd4 Kg5 51.
Ke3 Kg4 52. Kf2 Kh3 0-1

[Event "39 Open Vila de Sitges 2013"]
[Site "Sitges ESP"]
[Date "2013.07.31"]
[Round "9.5"]
[White "Hauge, Lars Oskar"]
[Black "Guerra Mendez, Jose Angel"]
[Result "1/2-1/2"]
[WhiteElo "2206"]
[BlackElo "2505"]
[PlyCount "110"]
[EventDate "2013.07.22"]
[EventType "swiss"]
[EventRounds "9"]
[EventCountry "ESP"]
[SourceTitle "Ajedrez en Madrid"]
[Source "lmi"]
[SourceDate "2013.07.22"]

1. e4 e5 2. Nf3 Nc6 3. Bb5 a6 4. Ba4 Nf6 5. O-O Be7 6. Re1 b5 7. Bb3 d6 8. c3
O-O 9. h3 Na5 10. Bc2 d5 11. exd5 e4 12. Bxe4 Nxe4 13. Rxe4 Bb7 14. Re1 Re8 15.
d4 Bxd5 16. Bf4 Nc4 17. b3 Nb6 18. Nbd2 c5 19. Be3 c4 20. Bf4 Qc8 21. Qc2 f6
22. bxc4 Nxc4 23. Nxc4 Qxc4 24. Re3 Bf8 25. Nd2 Qc6 26. Rg3 Rac8 27. a4 b4 28.
Rc1 bxc3 29. Rxc3 Qxc3 30. Qxc3 Rxc3 31. Rxc3 Re1+ 32. Kh2 g5 33. Bg3 Rd1 34.
Nf3 h5 35. Rc8 Kf7 36. Rc7+ Ke6 37. Ra7 Bc4 38. Rc7 Bd5 39. Ra7 Bc4 40. Rc7 Be2
41. Rc6+ Kf5 42. Bd6 Bxd6+ 43. Rxd6 Ra1 44. g4+ hxg4 45. hxg4+ Kxg4 46. Ng1 Bf1
47. Rxf6 Rxa4 48. Nf3 Ra5 49. Ne5+ Kh5 50. Kg3 Ra3+ 51. f3 Ra2 52. Nf7 Rg2+ 53.
Kh3 Rf2+ 54. Kg3 Rg2+ 55. Kh3 Rf2+ 1/2-1/2

[Event "39 Open Vila de Sitges 2013"]
[Site "Sitges ESP"]
[Date "2013.07.31"]
[Round "9.6"]
[White "Arenas, David"]
[Black "Munoz Pantoja, Miguel"]
[Result "1/2-1/2"]
[WhiteElo "2437"]
[BlackElo "2457"]
[PlyCount "92"]
[EventDate "2013.07.22"]
[EventType "swiss"]
[EventRounds "9"]
[EventCountry "ESP"]
[SourceTitle "Ajedrez en Madrid"]
[Source "lmi"]
[SourceDate "2013.07.22"]

1. e4 c5 2. Nf3 Nc6 3. d4 cxd4 4. Nxd4 e5 5. Nb5 d6 6. N1c3 a6 7. Na3 Be6 8.
Nc4 b5 9. Ne3 Nf6 10. Bd3 Be7 11. a4 Qa5 12. O-O O-O 13. Ncd5 b4 14. Nc4 Qd8
15. a5 Nd7 16. Be3 Nc5 17. Ncb6 Ra7 18. c3 bxc3 19. b4 Nxd3 20. Qxd3 Bg5 21.
Qxc3 Bxe3 22. fxe3 Ne7 23. Nxe7+ Qxe7 24. Qd3 Rd8 25. Rac1 Qe8 26. Rf2 f6 27.
Rfc2 Qg6 28. Rc6 h6 29. Rxd6 Rxd6 30. Qxd6 Bh3 31. Qd2 Be6 32. Rc6 Qxe4 33. Qc1
Ba2 34. h3 Qxb4 35. Rc8+ Kf7 36. Qc6 Re7 37. Kh2 Qxa5 38. Nc4 Bxc4 39. Qxc4+
Kg6 40. Qe4+ Kf7 41. Qc4+ Kg6 42. Qg4+ Kf7 43. Qc4+ Kg6 44. Qg4+ Kf7 45. Qc4+
Kg6 46. Qg4+ Kf7 1/2-1/2

[Event "39 Open Vila de Sitges 2013"]
[Site "Sitges ESP"]
[Date "2013.07.31"]
[Round "9.8"]
[White "Sequera Paolini, Jose"]
[Black "Hansen, Torbjorn Ringdal"]
[Result "1-0"]
[WhiteElo "2394"]
[BlackElo "2492"]
[PlyCount "107"]
[EventDate "2013.07.22"]
[EventType "swiss"]
[EventRounds "9"]
[EventCountry "ESP"]
[SourceTitle "Ajedrez en Madrid"]
[Source "lmi"]
[SourceDate "2013.07.22"]

1. f4 Nf6 2. Nf3 g6 3. e3 Bg7 4. Be2 O-O 5. O-O c5 6. Qe1 Nc6 7. Qh4 d5 8. d4
Ne4 9. c3 e6 10. Qe1 Bd7 11. Nbd2 f5 12. Nxe4 fxe4 13. Ng5 e5 14. dxe5 Nxe5 15.
Qd1 Nd3 16. Bxd3 exd3 17. Qxd3 Bf5 18. e4 c4 19. Qxd5+ Qxd5 20. exd5 Rfe8 21.
Bd2 Red8 22. Be3 Rxd5 23. Nf3 Re8 24. Bd4 Re2 25. Rf2 Rxf2 26. Kxf2 Rb5 27. b4
cxb3 28. axb3 Rxb3 29. Rxa7 Rb2+ 30. Ke3 Bxd4+ 31. Nxd4 Bd7 32. Kf3 h5 33. h3
h4 34. Ra8+ Kg7 35. Ra3 Kf6 36. Rb3 Bc6+ 37. Kg4 Rxg2+ 38. Kxh4 g5+ 39. fxg5+
Rxg5 40. Nxc6 bxc6 41. Rb4 Rc5 42. Rf4+ Kg6 43. c4 Rh5+ 44. Kg4 Ra5 45. h4 Re5
46. Rd4 c5 47. Rd6+ Kf7 48. Kf4 Rh5 49. Kg3 Rh8 50. Rd5 Rc8 51. Kf4 Ke6 52. Rf5
Rc7 53. h5 Rc8 54. h6 1-0

[Event "39 Open Vila de Sitges 2013"]
[Site "Sitges ESP"]
[Date "2013.07.31"]
[Round "9.9"]
[White "Hayrapetyan, Hovik"]
[Black "Gallego Alcaraz, Andres Felipe"]
[Result "1-0"]
[WhiteElo "2486"]
[BlackElo "2414"]
[PlyCount "85"]
[EventDate "2013.07.22"]
[EventType "swiss"]
[EventRounds "9"]
[EventCountry "ESP"]
[SourceTitle "Ajedrez en Madrid"]
[Source "lmi"]
[SourceDate "2013.07.22"]

1. d4 Nf6 2. c4 g6 3. Nc3 d5 4. cxd5 Nxd5 5. e4 Nxc3 6. bxc3 c5 7. Nf3 Bg7 8.
Rb1 O-O 9. Be2 cxd4 10. cxd4 Qa5+ 11. Bd2 Qxa2 12. O-O a6 13. Ra1 Qe6 14. Qb1
Qd7 15. Rd1 Nc6 16. Be3 Qd6 17. Ra2 Bg4 18. d5 Ne5 19. Nxe5 Bxe2 20. Nxf7 Rxf7
21. Rxe2 b5 22. Rc1 Qe5 23. g3 Rf3 24. Rc6 a5 25. Qxb5 Qxe4 26. Re6 Qb4 27. Qc6
Raf8 28. Bc5 Qb1+ 29. Kg2 Qa1 30. Rxe7 Bd4 31. Re8 Bxc5 32. Qxc5 Qa4 33. Rxf8+
Rxf8 34. d6 Qb3 35. Re3 Qb7+ 36. f3 Qb2+ 37. Kh3 Qd2 38. Re7 Rf7 39. Qc8+ Kg7
40. Rxf7+ Kxf7 41. Qd7+ Kg8 42. Qe8+ Kg7 43. Qe7+ 1-0

[Event "39 Open Vila de Sitges 2013"]
[Site "Sitges ESP"]
[Date "2013.07.31"]
[Round "9.10"]
[White "Zapata Arbelaez, Estiven"]
[Black "Cori T., Deysi"]
[Result "0-1"]
[WhiteElo "1999"]
[BlackElo "2439"]
[PlyCount "54"]
[EventDate "2013.07.22"]
[EventType "swiss"]
[EventRounds "9"]
[EventCountry "ESP"]
[SourceTitle "Ajedrez en Madrid"]
[Source "lmi"]
[SourceDate "2013.07.22"]

1. d4 Nf6 2. c4 g6 3. Nc3 Bg7 4. e4 d6 5. Nf3 Bg4 6. Be2 Nfd7 7. Be3 O-O 8. Qd2
e5 9. d5 f5 10. Bh6 Nc5 11. Bxg7 Kxg7 12. b4 Nxe4 13. Nxe4 fxe4 14. Ng5 Bf5 15.
g4 h6 16. h4 hxg5 17. gxf5 gxh4 18. fxg6 a5 19. O-O-O axb4 20. Rdg1 Rf4 21. Bd1
Na6 22. Qe2 Qf6 23. Rh2 Nc5 24. Kb1 Rf8 25. Qh5 Rh8 26. Qe2 Nd3 27. Rf1 Rf8 0-1